| 000 | 00332 a2200121 4500 | ||
|---|---|---|---|
| 001 | 69474 | ||
| 082 | _a629.470113 RAI | ||
| 090 |
_c38690 _d38690 |
||
| 100 | _aRainey,L.B | ||
| 245 | _aSpace Modeling and simulation: Rolesand Application throughout the system Life Cycle | ||
| 260 |
_aUSA _bAIAA _c2004 |
||
| 300 | _axi, 932 p. | ||
| 942 |
_aNUST-CAE _k629.470113 RAI |
||
| 999 |
_c304547 _d304547 |
||